[Event "Superbet Varsavia Blitz 2026"]
[Site "Varsavia"]
[Date "08.05.2026"]
[Round "6B"]
[White "Duda, Jan-Krzysztof"]
[Black "Caruana, Fabiano"]
[Result "0-1"]
[WhiteElo "2743"]
[BlackElo "2749"]
[PlyCount "130"]
[EventDate "2026.??.??"]

1. e4 c5 2. Nf3 d6 3. d4 cxd4 4. Nxd4 Nf6 5. Nc3 a6 6. Bg5 e6 7. f4 Be7 8. Qf3
h6 9. Bh4 Qc7 10. O-O-O Nbd7 11. f5 e5 12. Nde2 b5 13. Bxf6 Nxf6 14. Nd5 Nxd5
15. exd5 b4 16. Kb1 a5 17. Ng3 a4 18. Bb5+ Bd7 19. Bxd7+ Qxd7 20. Nh5 Bf6 21.
h4 Rc8 22. g4 Qc7 23. Qg2 Rg8 24. Ng3 a3 25. Ne4 axb2 26. g5 hxg5 27. hxg5 Be7
28. Rh3 Qc4 29. Rb3 Rh8 30. f6 gxf6 31. gxf6 Bf8 32. Rxb2 Rh4 33. Nd2 Qd4 34.
Qf1 Qc5 35. Nb3 Qc4 36. Qg1 Rf4 37. Na5 Qc5 38. Nc6 Qxg1 39. Rxg1 Rxf6 40. Rxb4
Rg6 41. Rf1 Rg5 42. a4 f5 43. a5 Ra8 44. Rb7 f4 45. Kb2 Rg7 46. Rb4 Kf7 47. Kb3
Kf6 48. Ra4 Kf5 49. a6 Rg3+ 50. c3 Bg7 51. a7 e4 52. Rc1 e3 53. Rb4 e2 54. Rb8
Rxa7 55. Nxa7 Rxc3+ 56. Rxc3 Bxc3 57. Rf8+ Kg4 58. Rg8+ Kf3 59. Rg1 e1=Q 60.
Rxe1 Bxe1 61. Nb5 Ke3 62. Nxd6 f3 63. Nf5+ Kf4 64. Nd4 f2 65. Ne2+ Kg4 0-1

[Event "Superbet Varsavia Blitz 2026"]
[Site "Varsavia"]
[Date "08.05.2026"]
[Round "6B"]
[White "Sindarov, Javokhir"]
[Black "Niemann, Hans Moke"]
[Result "1/2-1/2"]
[WhiteElo "2662"]
[BlackElo "2699"]
[PlyCount "86"]
[EventDate "2026.??.??"]

1. e4 e5 2. Nf3 Nc6 3. Bc4 Nf6 4. Ng5 d5 5. exd5 Na5 6. Bb5+ c6 7. dxc6 bxc6 8.
Bd3 Nd5 9. Nf3 Bd6 10. O-O Nf4 11. Nc3 Nxd3 12. cxd3 O-O 13. Re1 Re8 14. b3 Ba6
15. d4 exd4 16. Rxe8+ Qxe8 17. Nxd4 c5 18. Nf5 Be5 19. Bb2 Qe6 20. Ne3 Nc6 21.
Qg4 Qxg4 22. Nxg4 Bd4 23. Na4 Bxb2 24. Nxb2 Rd8 25. Na4 c4 26. Nc5 Bc8 27. Ne3
cxb3 28. Nxb3 Be6 29. h4 h6 30. Rc1 Bxb3 31. axb3 Nd4 32. Rc7 Nxb3 33. Rxa7
Nxd2 34. g3 Ne4 35. Ra2 Nf6 36. Kg2 Nd5 37. Nxd5 Rxd5 38. Ra8+ Kh7 39. Rb8 Rd7
40. Ra8 Rc7 41. Rb8 Rd7 42. Ra8 Rc7 43. Rb8 Rd7 1/2-1/2

[Event "Superbet Varsavia Blitz 2026"]
[Site "Varsavia"]
[Date "08.05.2026"]
[Round "6B"]
[White "Firouzja, Alireza"]
[Black "Fedoseev, Vladimir"]
[Result "1/2-1/2"]
[WhiteElo "2796"]
[BlackElo "2756"]
[PlyCount "112"]
[EventDate "2026.??.??"]

1. Nf3 Nf6 2. b3 g6 3. Bb2 Bg7 4. e3 O-O 5. d4 d6 6. Be2 Nc6 7. O-O a5 8. Nc3
Bf5 9. Nd2 d5 10. Nf3 Nb4 11. a3 Na6 12. Ne5 c6 13. Na4 Ne4 14. c4 dxc4 15.
bxc4 Bxe5 16. dxe5 Qxd1 17. Rfxd1 Nac5 18. Nxc5 Nxc5 19. g4 Bc2 20. Rd2 Ba4 21.
Rb1 Rfd8 22. Rxd8+ Rxd8 23. Bc3 Bc2 24. Rb2 Bd3 25. Bxa5 Rd7 26. Bb4 Bxe2 27.
Rxe2 Rd1+ 28. Kg2 Nd3 29. Bxe7 Nxe5 30. c5 Rd7 31. Bd6 Nxg4 32. e4 f6 33. f4
Kf7 34. f5 gxf5 35. exf5 Nh6 36. Rf2 Rd8 37. h3 Rg8+ 38. Kh2 Ra8 39. Rf3 Ra4
40. Kg2 Rd4 41. Bc7 Rd5 42. Rb3 Nxf5 43. Rxb7 Kg6 44. a4 Rxc5 45. a5 Rc2+ 46.
Kf3 Rc3+ 47. Ke2 Ra3 48. Bb6 Ng3+ 49. Kd2 Ne4+ 50. Kc2 c5 51. Kb2 Ra4 52. Rc7
f5 53. Kb3 Ra1 54. Kb2 Ra4 55. Kb3 Ra1 56. Kb2 Ra4 1/2-1/2

[Event "Superbet Varsavia Blitz 2026"]
[Site "Varsavia"]
[Date "08.05.2026"]
[Round "7B"]
[White "Fedoseev, Vladimir"]
[Black "Sindarov, Javokhir"]
[Result "1/2-1/2"]
[WhiteElo "2756"]
[BlackElo "2662"]
[PlyCount "140"]
[EventDate "2026.??.??"]

1. d4 Nf6 2. c4 g6 3. g3 c5 4. Nf3 cxd4 5. Nxd4 Nc6 6. Bg2 Bg7 7. O-O h5 8. Nf3
d6 9. Nc3 Be6 10. Qa4 Qa5 11. Qxa5 Nxa5 12. b3 d5 13. Nb5 O-O 14. Bd2 Nc6 15.
Nc7 dxc4 16. Nxa8 Rxa8 17. Ng5 Bg4 18. bxc4 Bxe2 19. Rfe1 Bxc4 20. Rab1 Rd8 21.
Rxb7 Rxd2 22. Bxc6 Bh6 23. Nf3 Rxa2 24. h3 Be6 25. Kg2 Rc2 26. Rb8+ Kh7 27. Ba8
Ra2 28. Nd4 Bd5+ 29. Bxd5 Nxd5 30. Rb7 Bg7 31. Nc6 Bf6 32. Rxa7 Rc2 33. Ne5 Kg7
34. Rd7 Nb6 35. Rd3 Rc5 36. Nf3 Nd5 37. h4 e6 38. Rb3 Rc7 39. Reb1 Rc2 40. Rd1
Be7 41. Rd2 Rc7 42. Rdb2 Bf6 43. Re2 Be7 44. Nd4 Bf6 45. Nf3 Be7 46. Rbb2 Bf6
47. Rbc2 Ra7 48. Rc4 Rb7 49. Ra2 Rb3 50. Rc8 Rb7 51. Rca8 Rb3 52. R8a7 Kf8 53.
Rc2 Kg7 54. Rd7 Ra3 55. Re2 Nb6 56. Rb7 Nd5 57. Rxe6 Ra2 58. Re4 Nc3 59. Re1
Rc2 60. Rc7 Ra2 61. Ne5 Bxe5 62. Rxe5 Nd1 63. Rd7 Nxf2 64. Ree7 Ng4+ 65. Kf1
Rf2+ 66. Kg1 Rf3 67. Kg2 Rf2+ 68. Kg1 Rf3 69. Kg2 Rf2+ 70. Kg1 Rf3 1/2-1/2

[Event "Superbet Varsavia Blitz 2026"]
[Site "Varsavia"]
[Date "08.05.2026"]
[Round "7B"]
[White "Niemann, Hans Moke"]
[Black "Gukesh, Dommaraju"]
[Result "0-1"]
[WhiteElo "2699"]
[BlackElo "2646"]
[PlyCount "84"]
[EventDate "2026.??.??"]

1. e4 e5 2. Nf3 Nc6 3. Bc4 Bc5 4. c3 Nf6 5. d3 a6 6. O-O Ba7 7. a4 d6 8. Re1
O-O 9. h3 Re8 10. Nbd2 Be6 11. Bxe6 Rxe6 12. b4 h6 13. Qc2 d5 14. Bb2 b5 15.
Rad1 Qe8 16. Bc1 Rd8 17. axb5 axb5 18. Nb3 Red6 19. exd5 Rxd5 20. d4 Qd7 21.
Be3 exd4 22. Nfxd4 Ne5 23. Bf4 Nc4 24. Nc5 Bxc5 25. bxc5 c6 26. g4 b4 27. Rc1
bxc3 28. Nf5 Nd2 29. Qxc3 Rd3 30. Bxd2 Rxc3 31. Bxc3 h5 32. Bxf6 gxf6 33. Re7
Qd2 34. Rce1 Rd7 35. R7e4 Qc3 36. gxh5 Qxh3 37. Ng3 Rd5 38. Rf4 Rxc5 39. Rxf6
Rg5 40. Rxc6 Rxg3+ 41. fxg3 Qxg3+ 42. Kf1 Qf3+ 0-1

[Event "Superbet Varsavia Blitz 2026"]
[Site "Varsavia"]
[Date "08.05.2026"]
[Round "7B"]
[White "So, Wesley"]
[Black "Firouzja, Alireza"]
[Result "0-1"]
[WhiteElo "2798"]
[BlackElo "2796"]
[PlyCount "56"]
[EventDate "2026.??.??"]

1. e4 c5 2. Nf3 d6 3. d4 cxd4 4. Nxd4 Nf6 5. f3 e5 6. Nb3 a5 7. Nc3 a4 8. Nd2
d5 9. Nxd5 Nxd5 10. exd5 Qxd5 11. Nc4 Qe6 12. Be3 Nd7 13. Qd2 b5 14. Na3 Bxa3
15. bxa3 e4 16. f4 O-O 17. Bxb5 Nf6 18. Bc5 Ba6 19. Bxf8 Bxb5 20. Bc5 e3 21.
Qb4 Qd5 22. Qd4 Qh5 23. c4 Bc6 24. O-O Qe2 25. Rf3 Bxf3 26. gxf3 Qf2+ 27. Kh1
Qxf3+ 28. Kg1 Qf2+ 0-1

[Event "Superbet Varsavia Blitz 2026"]
[Site "Varsavia"]
[Date "08.05.2026"]
[Round "7B"]
[White "Vachier-Lagrave, Maxime"]
[Black "Duda, Jan-Krzysztof"]
[Result "1/2-1/2"]
[WhiteElo "2761"]
[BlackElo "2743"]
[PlyCount "87"]
[EventDate "2026.??.??"]

1. e4 c5 2. Nf3 a6 3. c4 Nc6 4. d4 cxd4 5. Nxd4 e5 6. Nf5 d5 7. cxd5 Bxf5 8.
exf5 Nd4 9. Bd3 Nf6 10. Nc3 Be7 11. O-O O-O 12. Re1 Nxd5 13. Be4 Nxc3 14. bxc3
Nb5 15. Qh5 Bf6 16. Re3 g6 17. Rg3 Bg7 18. Qe2 Rc8 19. Bg5 Nxc3 20. Rxc3 Qxg5
21. Rxc8 Rxc8 22. Bxb7 Rc1+ 23. Rxc1 Qxc1+ 24. Qf1 Qxf1+ 25. Kxf1 a5 26. Be4
Bf6 27. Ke2 Kg7 28. Kd3 Be7 29. Kc4 Kf6 30. g4 gxf5 31. Bxf5 h5 32. Kd5 hxg4
33. Bxg4 Bb4 34. Ke4 Be1 35. f4 exf4 36. Kxf4 Kg7 37. Kf3 Bb4 38. Kf4 Bc5 39.
Kf3 Bb4 40. h3 Bc5 41. Ke4 Bb4 42. Kf3 Bc5 43. Ke4 Bb4 44. Kf3 1/2-1/2

[Event "Superbet Varsavia Blitz 2026"]
[Site "Varsavia"]
[Date "08.05.2026"]
[Round "7B"]
[White "Caruana, Fabiano"]
[Black "Wojtaszek, Radoslaw"]
[Result "0-1"]
[WhiteElo "2749"]
[BlackElo "2558"]
[PlyCount "76"]
[EventDate "2026.??.??"]

1. c4 Nf6 2. Nf3 e6 3. g3 d5 4. Bg2 dxc4 5. Qa4+ Bd7 6. Qxc4 c5 7. d4 Nc6 8.
dxc5 Qa5+ 9. Nbd2 Bxc5 10. O-O Be7 11. Nb3 Qh5 12. Rd1 Rc8 13. Qf4 Nd5 14. Qd2
O-O 15. h3 Rfd8 16. e4 Nb6 17. Qe2 Nb4 18. e5 Ba4 19. Rxd8+ Rxd8 20. Be3 Qg6
21. Nc5 Bc6 22. Rd1 Rxd1+ 23. Qxd1 Qc2 24. Qd4 N4d5 25. Ne1 Qb1 26. Ncd3 Qxa2
27. Bc1 Qa4 28. Qxa4 Nxa4 29. Nc2 Nc5 30. Nxc5 Bxc5 31. Kf1 Kf8 32. Ke1 Nb4 33.
Nxb4 Bxg2 34. Nd3 Bd4 35. h4 Be4 36. Ke2 Bxd3+ 37. Kxd3 Bxf2 38. Bf4 h5 0-1

[Event "Superbet Varsavia Blitz 2026"]
[Site "Varsavia"]
[Date "08.05.2026"]
[Round "8B"]
[White "Wojtaszek, Radoslaw"]
[Black "Vachier-Lagrave, Maxime"]
[Result "0-1"]
[WhiteElo "2558"]
[BlackElo "2761"]
[PlyCount "89"]
[EventDate "2026.??.??"]

1. Nf3 d5 2. d4 Nf6 3. c4 c5 4. cxd5 cxd4 5. Qxd4 Qxd5 6. Nc3 Qxd4 7. Nxd4 a6
8. g3 e5 9. Nb3 Nc6 10. Bg2 a5 11. Bg5 a4 12. Nd2 a3 13. bxa3 Bxa3 14. Nb5 O-O
15. Bxf6 gxf6 16. O-O Rd8 17. Nc4 Bc5 18. Rfc1 Nd4 19. Nxd4 Bxd4 20. Rab1 Rxa2
21. e3 Bc5 22. Bxb7 Bf5 23. Ra1 Rxa1 24. Rxa1 Be6 25. Rc1 Bb4 26. Bf3 Rc8 27.
Be2 f5 28. Kf1 Kg7 29. Rc2 Kf6 30. Bd3 Rd8 31. Be2 f4 32. exf4 exf4 33. Nb2
Bh3+ 34. Kg1 Bf5 35. Rc6+ Kg7 36. Bf3 Rd2 37. Nc4 Ra2 38. gxf4 Be1 39. Nd6
Bxf2+ 40. Kg2 Bh4+ 41. Kg1 Bh3 42. Rc1 Bf2+ 43. Kh1 Be3 44. Rd1 Bxf4 45. Ne8+
0-1

[Event "Superbet Varsavia Blitz 2026"]
[Site "Varsavia"]
[Date "08.05.2026"]
[Round "8B"]
[White "Firouzja, Alireza"]
[Black "Caruana, Fabiano"]
[Result "0-1"]
[WhiteElo "2796"]
[BlackElo "2749"]
[PlyCount "79"]
[EventDate "2026.??.??"]

1. Nf3 d5 2. b3 Bg4 3. e3 e6 4. Bb2 Nd7 5. h3 Bh5 6. g4 Bg6 7. h4 h6 8. Nc3
Ngf6 9. Bh3 c6 10. d3 Bd6 11. Ne2 Qa5+ 12. Qd2 Bb4 13. Bc3 Bxc3 14. Qxc3 Qxc3+
15. Nxc3 a5 16. Kd2 Ke7 17. Ne2 Ne8 18. Nf4 Nd6 19. Nxg6+ fxg6 20. g5 h5 21.
Nd4 e5 22. Ne2 Nf5 23. Bg2 Rhf8 24. a3 Nc5 25. f4 d4 26. e4 Ne3 27. Bh3 Rxf4
28. Nxf4 exf4 29. Rag1 Kd6 30. Rh2 Ke5 31. Rf2 b5 32. Rb1 Rd8 33. Rf3 Nb7 34.
Rh1 c5 35. a4 b4 36. Rg1 c4 37. bxc4 Nc5 38. Rb1 Ra8 39. Ra1 b3 40. Rb1 0-1

[Event "Superbet Varsavia Blitz 2026"]
[Site "Varsavia"]
[Date "08.05.2026"]
[Round "8B"]
[White "Duda, Jan-Krzysztof"]
[Black "Niemann, Hans Moke"]
[Result "1-0"]
[WhiteElo "2743"]
[BlackElo "2699"]
[PlyCount "121"]
[EventDate "2026.??.??"]

1. e4 e5 2. Nf3 Nc6 3. Bb5 a6 4. Ba4 Nf6 5. O-O Be7 6. Bxc6 dxc6 7. Re1 Nd7 8.
d4 exd4 9. Qxd4 O-O 10. Nc3 Nc5 11. Qe3 Ne6 12. Rd1 Qe8 13. Ne2 f5 14. exf5
Rxf5 15. b3 Rf8 16. Bb2 Bc5 17. Qc3 Be7 18. Rab1 Qf7 19. Kh1 a5 20. Ng3 a4 21.
Rf1 Nf4 22. Rbe1 Be6 23. Ne5 Qf6 24. Ne4 Qh6 25. f3 axb3 26. axb3 Ra2 27. Bc1
Qh5 28. Ng3 Qh4 29. Re4 Nd5 30. Qe1 Qf6 31. Nxc6 bxc6 32. Rxe6 Qf7 33. Rxc6 Bd6
34. Ne4 Qd7 35. Rc4 Nb6 36. Nxd6 Qxd6 37. Rc3 Nd5 38. Rd3 Rxc2 39. Qd1 Rxc1 40.
Qxc1 c6 41. Qd2 h6 42. h3 Rf6 43. Rc1 Qe6 44. Rd4 Qf7 45. Kh2 Nf4 46. Rc3 Qc7
47. Kh1 Qf7 48. Re3 Nd5 49. Ree4 Qa7 50. b4 Qa1+ 51. Re1 Qa6 52. Rxd5 cxd5 53.
Qxd5+ Kh7 54. b5 Qb6 55. Qd3+ Rg6 56. Rc1 Qf2 57. Qc2 Qe3 58. Rb1 Qb6 59. Rb4
Kh8 60. Rc4 Kh7 61. Rc6 1-0

[Event "Superbet Varsavia Blitz 2026"]
[Site "Varsavia"]
[Date "08.05.2026"]
[Round "8B"]
[White "Sindarov, Javokhir"]
[Black "Gukesh, Dommaraju"]
[Result "1-0"]
[WhiteElo "2662"]
[BlackElo "2646"]
[PlyCount "75"]
[EventDate "2026.??.??"]

1. e4 e5 2. Nf3 Nc6 3. Bc4 Bc5 4. Nc3 Nf6 5. d3 d6 6. a3 h6 7. h3 a5 8. Be3 Ba7
9. O-O O-O 10. d4 exd4 11. Nxd4 Ne5 12. Ba2 Re8 13. Re1 c6 14. Qe2 Ng6 15. Rad1
Qe7 16. Nf5 Bxf5 17. exf5 Nf8 18. Bxa7 Qxe2 19. Rxe2 Rxe2 20. Nxe2 Rxa7 21.
Rxd6 N8d7 22. f3 Kf8 23. Kf2 Ra8 24. g4 Nb6 25. Rd4 Nfd5 26. Ng3 Nf6 27. h4 Re8
28. Ne2 Nfd5 29. c4 Nf6 30. c5 Nbd5 31. g5 hxg5 32. hxg5 Nd7 33. Bxd5 cxd5 34.
Rxd5 Ke7 35. Nd4 Rh8 36. c6 bxc6 37. Nxc6+ Ke8 38. Rxa5 1-0

[Event "Superbet Varsavia Blitz 2026"]
[Site "Varsavia"]
[Date "08.05.2026"]
[Round "8B"]
[White "Fedoseev, Vladimir"]
[Black "So, Wesley"]
[Result "1-0"]
[WhiteElo "2756"]
[BlackElo "2798"]
[PlyCount "103"]
[EventDate "2026.??.??"]

1. d4 Nf6 2. Nf3 d5 3. Bf4 Bf5 4. c4 e6 5. Qb3 Qc8 6. e3 c6 7. cxd5 exd5 8. Nc3
Nbd7 9. Rc1 Be7 10. h3 O-O 11. Be2 Nb6 12. a4 Be6 13. Ng5 Bf5 14. a5 Nbd7 15.
g4 Bg6 16. h4 h6 17. Nh3 Bd8 18. a6 bxa6 19. g5 hxg5 20. Nxg5 Bc7 21. Bxc7 Qxc7
22. Nxd5 Qa5+ 23. Nc3 c5 24. h5 Be4 25. Ngxe4 Nxe4 26. Bf3 Rab8 27. Qa4 Qxa4
28. Nxa4 Nef6 29. Nxc5 Nxc5 30. Rxc5 Rxb2 31. O-O Rfb8 32. Ra1 Rb1+ 33. Rxb1
Rxb1+ 34. Kg2 Rb5 35. Rc8+ Kh7 36. Rc7 Rg5+ 37. Kh3 Rf5 38. Kg3 Kh6 39. Rxa7 a5
40. e4 Nxh5+ 41. Bxh5 Rxh5 42. Rxf7 Rb5 43. Kf4 g5+ 44. Kg4 a4 45. Rf6+ Kg7 46.
Ra6 Rb4 47. Kxg5 Rxd4 48. e5 Kf7 49. f4 Re4 50. Kf5 Rc4 51. Ra7+ Ke8 52. e6 1-0

[Event "Superbet Varsavia Blitz 2026"]
[Site "Varsavia"]
[Date "08.05.2026"]
[Round "9B"]
[White "Gukesh, Dommaraju"]
[Black "Duda, Jan-Krzysztof"]
[Result "1-0"]
[WhiteElo "2646"]
[BlackElo "2743"]
[PlyCount "101"]
[EventDate "2026.??.??"]

1. Nf3 b5 2. g3 Bb7 3. Bg2 Nf6 4. b3 c5 5. O-O e6 6. c4 a6 7. Na3 b4 8. Nc2 d6
9. d4 Nbd7 10. Bb2 Be4 11. Bh3 Be7 12. Ng5 Bb7 13. Bxe6 fxe6 14. Nxe6 Qc8 15.
Nxg7+ Kf7 16. Nf5 Re8 17. d5 Bf8 18. f3 Ne5 19. e4 Qd7 20. Nce3 Ng6 21. Qc2 Qd8
22. Rae1 Bc8 23. h4 Ra7 24. g4 Kg8 25. Qh2 Rf7 26. Re2 Nxe4 27. fxe4 Rxe4 28.
Qg3 Ne5 29. Bxe5 dxe5 30. Ref2 Kh8 31. g5 Rf4 32. Rxf4 exf4 33. Qxf4 Qe8 34. h5
Bxf5 35. Nxf5 Qe2 36. g6 Rf6 37. Qg5 Bg7 38. Rf2 Qe1+ 39. Kg2 Qe4+ 40. Kh2 h6
41. Qf4 Qe8 42. Qf3 Rf8 43. Kg2 Qe5 44. d6 Qf6 45. Nxg7 Qg5+ 46. Qg3 Rxf2+ 47.
Kxf2 Qd2+ 48. Kg1 Qd1+ 49. Kg2 Qe2+ 50. Qf2 Qg4+ 51. Kh2 1-0

[Event "Superbet Varsavia Blitz 2026"]
[Site "Varsavia"]
[Date "08.05.2026"]
[Round "9B"]
[White "So, Wesley"]
[Black "Sindarov, Javokhir"]
[Result "1/2-1/2"]
[WhiteElo "2798"]
[BlackElo "2662"]
[PlyCount "108"]
[EventDate "2026.??.??"]

1. e4 c5 2. Nf3 e6 3. g3 d5 4. exd5 exd5 5. d4 Nc6 6. Bg2 cxd4 7. O-O Bc5 8.
Nbd2 Bg4 9. h3 Bxf3 10. Nxf3 Nge7 11. a3 a5 12. b3 O-O 13. Bb2 Qb6 14. Qd3 Ng6
15. Rae1 Rfe8 16. Ng5 Nce5 17. Qf5 Qf6 18. Qxf6 gxf6 19. Nf3 d3 20. cxd3 Nxd3
21. Rxe8+ Rxe8 22. Bxf6 Re2 23. Bd4 b6 24. Bxc5 bxc5 25. Rd1 c4 26. Bf1 Rxf2
27. Rxd3 Rxf1+ 28. Kxf1 cxd3 29. Kf2 f6 30. Ke3 Ne5 31. Ne1 d4+ 32. Kd2 Kf7 33.
Nxd3 Ke6 34. Nf4+ Kf5 35. Nd5 Ke6 36. Nb6 Kd6 37. Nc4+ Nxc4+ 38. bxc4 Kc5 39.
Kd3 f5 40. a4 h6 41. g4 f4 42. h4 f3 43. g5 hxg5 44. hxg5 f2 45. Ke2 Kxc4 46.
g6 d3+ 47. Kxf2 Kc3 48. g7 d2 49. g8=Q d1=Q 50. Qe8 Qd2+ 51. Kf3 Kb4 52. Qe4+
Ka3 53. Qe3+ Qxe3+ 54. Kxe3 Kxa4 1/2-1/2

[Event "Superbet Varsavia Blitz 2026"]
[Site "Varsavia"]
[Date "08.05.2026"]
[Round "9B"]
[White "Caruana, Fabiano"]
[Black "Fedoseev, Vladimir"]
[Result "1/2-1/2"]
[WhiteElo "2749"]
[BlackElo "2756"]
[PlyCount "156"]
[EventDate "2026.??.??"]

1. Nf3 Nf6 2. c4 c6 3. d4 d5 4. e3 e6 5. b3 Bb4+ 6. Nbd2 c5 7. Bb2 cxd4 8. exd4
Nc6 9. a3 Bxd2+ 10. Qxd2 Na5 11. Qc2 dxc4 12. bxc4 Bd7 13. Bd3 Rc8 14. Qe2 b5
15. c5 Nc4 16. O-O Bc6 17. Bxc4 bxc4 18. Ne5 Ba8 19. Nxc4 O-O 20. Nd6 Rb8 21.
Bc1 Nd5 22. Bd2 Qh4 23. Qd3 Rb2 24. Rab1 Ra2 25. Nc4 Nf6 26. f3 Bd5 27. Ne3 Bc6
28. Be1 Qg5 29. Qb3 Re2 30. Bf2 Nh5 31. Ng4 Nf4 32. Rfe1 h5 33. Rxe2 Nxe2+ 34.
Kf1 Nxd4 35. Qe3 Bb5+ 36. Kg1 Qf5 37. Rb2 Ne2+ 38. Kh1 hxg4 39. Rxb5 gxf3 40.
Qxf3 Qc2 41. h3 e5 42. Kh2 Qc4 43. Rb4 Qc2 44. Re4 Nd4 45. Bxd4 exd4 46. Rxd4
Qxc5 47. Rg4 a5 48. Qg3 g6 49. Rg5 Qb6 50. h4 Re8 51. h5 Re3 52. Qf4 Re1 53.
hxg6 fxg6 54. Qc4+ Kf8 55. Qf4+ Kg7 56. Re5 Qd6 57. Re4 Qxf4+ 58. Rxf4 Re5 59.
Rc4 Kf6 60. a4 Kf5 61. Kg3 Re3+ 62. Kf2 Re5 63. Kf3 Rd5 64. Ke3 g5 65. g4+ Ke5
66. Re4+ Kd6 67. Rc4 Re5+ 68. Kd3 Re1 69. Rc8 Rd1+ 70. Ke3 Ra1 71. Rg8 Ra3+ 72.
Kd2 Rxa4 73. Rxg5 Rd4+ 74. Kc3 Rd5 75. Rxd5+ Kxd5 76. Kb3 Ke4 77. Ka4 Kf4 78.
Kxa5 Kxg4 1/2-1/2

[Event "Superbet Varsavia Blitz 2026"]
[Site "Varsavia"]
[Date "08.05.2026"]
[Round "9B"]
[White "Vachier-Lagrave, Maxime"]
[Black "Firouzja, Alireza"]
[Result "0-1"]
[WhiteElo "2761"]
[BlackElo "2796"]
[PlyCount "92"]
[EventDate "2026.??.??"]

1. e4 c5 2. Nf3 d6 3. d4 cxd4 4. Nxd4 Nf6 5. Nc3 a6 6. h3 e5 7. Nb3 Be7 8. Be3
Be6 9. g4 h6 10. Bg2 Nbd7 11. Nd5 Rc8 12. Qd3 Nf8 13. Nxe7 Qxe7 14. O-O-O Ng6
15. Rhe1 Qc7 16. Kb1 O-O 17. g5 Nh5 18. gxh6 Nhf4 19. Bxf4 Nxf4 20. Qg3 Qxc2+
21. Ka1 g6 22. Rxd6 Bxb3 23. axb3 Rc5 24. b4 Rc4 25. h7+ Kxh7 26. Qh4+ Kg8 27.
Rd8 Nd3 28. Rxd3 Qxd3 29. Bf1 Qd2 30. Bxc4 Qxe1+ 31. Ka2 Qxb4 32. Bd5 Kg7 33.
Qg5 Qd6 34. Bxb7 Qf6 35. Qe3 Rb8 36. Bd5 Qb6 37. Qe2 a5 38. h4 Rh8 39. Qf3 Qf6
40. Qc3 Rxh4 41. Qxa5 Qxf2 42. Qc7 Qf6 43. b4 Qa6+ 44. Kb2 Rh2+ 45. Kc3 Rh3+
46. Kd2 Qd3+ 0-1

[Event "Superbet Varsavia Blitz 2026"]
[Site "Varsavia"]
[Date "08.05.2026"]
[Round "9B"]
[White "Niemann, Hans Moke"]
[Black "Wojtaszek, Radoslaw"]
[Result "0-1"]
[WhiteElo "2699"]
[BlackElo "2558"]
[PlyCount "106"]
[EventDate "2026.??.??"]

1. e4 e5 2. Nf3 Nc6 3. Bc4 Bc5 4. c3 Nf6 5. d3 O-O 6. O-O d5 7. exd5 Nxd5 8.
Re1 Bg4 9. a4 a5 10. Nbd2 Nb6 11. Bb5 Bd6 12. h3 Bh5 13. Ne4 Na7 14. d4 exd4
15. Nxd6 Qxd6 16. Qxd4 Nxb5 17. axb5 Qxd4 18. Nxd4 Bg6 19. Bf4 Rfc8 20. Bg3 a4
21. Re7 Nc4 22. Bxc7 Kf8 23. Rae1 Re8 24. Rxe8+ Rxe8 25. Ra1 Nxb2 26. Ra2 Re1+
27. Kh2 Rb1 28. Nf3 Be4 29. Bd6+ Ke8 30. Ba3 Nc4 31. Nd4 Bd5 32. Bb4 Rb2 33.
Rxb2 Nxb2 34. Nc2 Nd3 35. Ba3 Nxf2 36. Ne3 Be6 37. c4 Ne4 38. g4 b6 39. Kg2 Kd7
40. Bb4 Nd6 41. c5 bxc5 42. Bxc5 Nxb5 43. Nc2 Kc6 44. Bf8 g6 45. Kf3 Kd5 46.
Ke3 Kc4 47. Kd2 f5 48. g5 f4 49. h4 Bf5 50. Ne1 Be4 51. Bg7 a3 52. Be5 a2 53.
Kc1 f3 0-1

[Event "Superbet Varsavia Blitz 2026"]
[Site "Varsavia"]
[Date "09.05.2026"]
[Round "10B"]
[White "Niemann, Hans Moke"]
[Black "Firouzja, Alireza"]
[Result "1-0"]
[WhiteElo "2728"]
[BlackElo "2759"]
[EventDate "2026.05.08"]
[WhiteFideId "2093596"]
[BlackFideId "12573981"]

1. e4 c5 2. Nf3 d6 3. d4 cxd4 4. Nxd4 Nf6 5. Nc3 a6 6. Be2 e5 7. Nb3 Be7 8.
Be3 Be6 9. Nd5 Nbd7 10. Qd3 O-O 11. O-O Bxd5 12. exd5 Rc8 13. c4 a5 14. Kh1
Ne8 15. Bg4 a4 16. Na5 e4 17. Qd2 f5 18. Bd1 Nc5 19. b4 axb3 20. axb3 Bf6
21. Ra2 Be5 22. b4 Qh4 23. f4 exf3 24. gxf3 Nd7 25. f4 Bf6 26. Qf2 Qh6 27.
c5 Be7 28. c6 bxc6 29. Nxc6 Bh4 30. Qg2 Kh8 31. b5 Nef6 32. Ne7 Ng4 33.
Bxg4 Bxe7 34. Ra7 fxg4 35. Rxd7 Bf6 36. b6 Qh5 37. b7 Rce8 38. Ba7 Qf5 39.
Rc7 h5 40. Rfc1 h4 41. h3 gxh3 42. Qf3 Kh7 43. Rd1 Re4 44. b8=Q Rxb8 45.
Bxb8 Rxf4 46. Qd3 Re4 47. Qf1 Qg4 48. Rc2 Re3 49. Rc4 Re4 50. Rdc1 Be5 51.
Ba7 Qg3 52. Bg1 h2 53. Ba7 Qg6 54. Rxe4 Qxe4+ 55. Qg2 Qf4 56. Rf1 Qa4 57.
Be3 Qc4 58. Qf3 Kg8 59. Rc1 1-0

[Event "Superbet Varsavia Blitz 2026"]
[Site "Varsavia"]
[Date "09.05.2026"]
[Round "10B"]
[White "Gukesh, Dommaraju"]
[Black "Wojtaszek, Radoslaw"]
[Result "1/2-1/2"]
[WhiteElo "2732"]
[BlackElo "2650"]
[EventDate "2026.05.08"]
[WhiteFideId "46616543"]
[BlackFideId "1118358"]

1. Nf3 d5 2. b3 Bg4 3. Bb2 c6 4. d3 Nd7 5. Nbd2 Ngf6 6. h3 Bxf3 7. Nxf3 e6
8. g3 Ba3 9. Bxa3 Qa5+ 10. Qd2 Qxa3 11. Bg2 a5 12. O-O O-O 13. c4 Qb4 14.
Rfc1 Qxd2 15. Nxd2 Rfd8 16. d4 Kf8 17. e3 Ke7 18. a3 h5 19. Kf1 g5 20. Ke2
g4 21. b4 axb4 22. axb4 Nb6 23. c5 Rxa1 24. Rxa1 Ra8 25. Rxa8 Nxa8 26. Nb3
Kd8 27. f3 Nc7 28. Nc1 Nce8 29. Nd3 Ng7 30. Ne5 gxf3+ 31. Kxf3 Ke7 32. Kf4
Nh7 33. Bf1 f6 34. Nd3 Nf8 35. Kf3 Ng6 36. Nc1 e5 37. Nb3 e4+ 38. Kf2 Kd7
39. b5 cxb5 40. Bxb5+ Kc7 41. Nc1 b6 42. cxb6+ Kxb6 43. Ba4 Kc7 44. Ne2 Kd6
45. Nc3 f5 46. Nb5+ Ke7 47. Bb3 h4 48. gxh4 f4 49. Bxd5 Nf5 50. Bxe4 fxe3+
51. Ke2 Ngxh4 52. d5 Kf6 53. Na3 Ke5 54. Kd3 Nd6 55. Bh1 Kf4 56. Nc2 Nhf5
57. Ne1 Kg3 58. Be4 Kxh3 59. Bxf5+ Nxf5 60. Nc2 Kg3 61. Ke4 Nd6+ 62. Ke5
Nc4+ 63. Kd4 Nd6 64. Nxe3 Kf4 65. Nc4 Nb5+ 66. Kd3 Kf5 67. Ke3 Kf6 68. Kf4
Nc3 69. d6 Ke6 70. Ke3 Nb5 1/2-1/2

[Event "Superbet Varsavia Blitz 2026"]
[Site "Varsavia"]
[Date "09.05.2026"]
[Round "10B"]
[White "Vachier-Lagrave, Maxime"]
[Black "Fedoseev, Vladimir"]
[Result "1-0"]
[WhiteElo "2717"]
[BlackElo "2700"]
[EventDate "2026.05.08"]
[WhiteFideId "623539"]
[BlackFideId "24130737"]

1. e4 c6 2. d4 d5 3. e5 Bf5 4. Bd3 Bxd3 5. Qxd3 e6 6. Ne2 c5 7. c3 Nc6 8.
O-O Nge7 9. Nd2 Ng6 10. Nf3 Be7 11. g3 cxd4 12. cxd4 Qb6 13. h4 h5 14. Bg5
Qa6 15. Qd1 Rc8 16. a3 Qb5 17. b4 a5 18. a4 Qxb4 19. Rb1 Qa3 20. Bxe7 Ngxe7
21. Ng5 Nb4 22. Rb3 Qa2 23. Nc3 Qc2 24. Qf3 Qxb3 25. Qxf7+ Kd8 26. Nb5 Qxa4
27. Qxe6 Rc6 28. Nf7+ Ke8 29. Nbd6+ 1-0

[Event "Superbet Varsavia Blitz 2026"]
[Site "Varsavia"]
[Date "09.05.2026"]
[Round "10B"]
[White "Caruana, Fabiano"]
[Black "So, Wesley"]
[Result "0-1"]
[WhiteElo "2788"]
[BlackElo "2754"]
[EventDate "2026.05.08"]
[WhiteFideId "2020009"]
[BlackFideId "5202213"]

1. Nf3 d5 2. c4 c6 3. d4 Nf6 4. e3 Bf5 5. Nc3 e6 6. Nh4 Bg6 7. Qb3 Qb6 8.
Nxg6 hxg6 9. Bd2 Nbd7 10. Be2 Be7 11. h4 g5 12. h5 Qxb3 13. axb3 g4 14. Kd1
a6 15. Kc2 O-O-O 16. g3 Rh7 17. f3 Rxh5 18. fxg4 Rxh1 19. Rxh1 Ne4 20. Nxe4
dxe4 21. Rf1 Rf8 22. Bc3 g6 23. b4 Bd6 24. b5 axb5 25. cxb5 Nb6 26. bxc6
bxc6 27. Bd2 Nd5 28. Bc4 Kd7 29. Ra1 Bxg3 30. Ra7+ Bc7 31. Kd1 f5 32. gxf5
exf5 33. b4 Nb6 34. Be2 Ra8 35. Rxa8 Nxa8 36. b5 Nb6 37. bxc6+ Kxc6 38. Ke1
Bg3+ 39. Kf1 g5 40. Bh5 Kd6 41. Bf7 Nd5 42. Ke2 f4 43. exf4 gxf4 44. Bh5
Nf6 45. Bf7 Nd5 46. Bh5 Nf6 47. Bf7 f3+ 48. Ke3 Nd5+ 0-1